| 000 | 00798 a2200193 4500 | ||
|---|---|---|---|
| 999 |
_c4671 _d4671 |
||
| 020 | _a9781412924528 (cloth : alk. paper) | ||
| 020 | _a9781412924535 (pbk. : alk. paper) | ||
| 050 | 0 | 0 | _aLB1584STO2008 |
| 100 | 1 | _aStone, Randi. | |
| 245 | 1 | 0 |
_aBest practices for teaching social studies : _bwhat award-winning classroom teachers do / _cRandi Stone. |
| 264 |
_aLondon: _bCorwin press, _cc2008 |
||
| 300 | _axvii, 101 p. : | ||
| 500 | _aIncludes index. | ||
| 650 | 0 |
_aSocial sciences _xStudy and teaching |
|
| 650 | 0 | _aEffective teaching | |
| 856 | 4 | 1 |
_3Table of contents only _uhttp://www.loc.gov/catdir/toc/ecip088/2008001264.html |
| 942 |
_2lcc _cBK _h1584 _iSTO _kLC |
||